| 000 | 00510nam a22001817a 4500 | ||
|---|---|---|---|
| 005 | 20260504141728.0 | ||
| 020 | _a9788131502952 | ||
| 041 | _aENG | ||
| 082 |
_a519.50285 _bCAR |
||
| 100 | _aCarver, Ronald H. | ||
| 245 |
_aDoing data analysis with SPSS version / _cRonald H. Carver. |
||
| 260 |
_aUK : _bThomson , _c2006. |
||
| 300 |
_axvi, 323 pages : _billustrations ; _c24 cm. |
||
| 504 | _aIncludes index. | ||
| 650 | _aSPSS (Computer file) | ||
| 650 |
_aStatistics _xData processing. |
||
| 942 |
_2ddc _cBK |
||
| 999 |
_c24343 _d24343 |
||